I papiri di Gebelein : scavi G. Farina 1935 /
المؤلف الرئيسي:
مؤلفون آخرون:
التنسيق: كتاب
اللغة: Italian
منشور في:
Torino :
Ministero per i Beni e le Attività Culturali, Soprintendenza al Museo delle Antichità Egizie,
2004.
سلاسل:
Studi del Museo Egizio di Torino : Gebelein ; 1.
الموضوعات:
الوسوم: إضافة وسم
رقم الطلب: ( F )DT59 .T85 S43 v.1
| LEADER | 01074nam a2200253Ia 4500 | ||
|---|---|---|---|
| 003 | OSt | ||
| 005 | 20240826091436.0 | ||
| 008 | 230909s2004 it af b 001 0 ita d | ||
| 952 | |0 0 |1 0 |2 lcc |4 0 |7 1 |9 50110 |a ARCE |b ARCE |d 2023-09-09 |l 0 |o ( F )DT59 .T85 S43 v.1 |p 1027084 |r 2023-09-09 00:00:00 |w 2023-09-09 |y BK | ||
| 999 | |c 54733 |d 54733 | ||
| 040 | |c ARCE Library | ||
| 050 | 4 | |a ( F )DT59 .T85 S43 v.1 | |
| 100 | 1 | |a Posener-Kriéger, Paule. | |
| 245 | 1 | 2 | |a I papiri di Gebelein : |b scavi G. Farina 1935 / |c Paule Posener-Kriéger ; edizione a cura di Sara Demichelis. |
| 264 | 1 | |a Torino : |b Ministero per i Beni e le Attività Culturali, Soprintendenza al Museo delle Antichità Egizie, |c 2004. | |
| 300 | |a 69 p., 55 x 2 p. of plates : |b ill. ; |c 33 cm. | ||
| 490 | 0 | |a Studi del Museo Egizio di Torino : Gebelein ; 1. | |
| 504 | |a Includes bibliographical references and indexes. | ||
| 600 | 1 | 0 | |a Farina, Giulio, 1889-1947. |
| 650 | 0 | |a Egyptian language -- Papyri. | |
| 651 | 0 | |a Gebelein Site (Egypt) -- Antiquities. | |
| 700 | |a Demichelis, Sara. | ||
| 901 | |a reviewed | ||
| 942 | |2 lcc |c BK | ||
